Quiz O Unii Europejskiej - Statystyki

Ogólne statystyki
  • Ten quiz został rozwiązany 129 razy
  • Średni wynik to 10 z 15
Statystyki odpowiedzi
Pytania Odpowiedz % Poprawnych
Jaka jest główna waluta w Unii Europejskiej Euro
93%
Stolica Unii Europejskiej Bruksela
92%
Którego roku Polska dołączyła do EU 2004
88%
Największym krajem Unii Europejskiej jest Francja
88%
Czy Unia Europejska kiedykolwiek dostała nagrodę Nobla Tak
87%
Ile kraju jest w unii europejskiej 27
86%
W jakim kraju w Unii Europejskiej jest najwięcej ludzi Niemcy
84%
Ile jest gwiazdek na fladze Unii Europejskiej / Europy 12
79%
Najmniejszym państwem Unii Europejskiej jest Malta
70%
Głównym partnerem handlowym UE są Stany Zjednoczone
67%
Największą metropolią w Unii Europejskiej jest Paryż
60%
Którego roku została założona 1992
54%
Unia Europejska znajduje się na ... kontynentach 5
52%
Jakiego dnia obchodzi się dzień EU 9 maja
41%
Motto EU Zjednoczona w różnorodności
8%
Nie znaleziono quizów pasujących do podanych kryteriów
Rozkład punktacji
Procent ludzi z każdym wynikiem
Percentyl według liczby udzielonych odpowiedzi
Twoja historia wyników
Nie rozwiązałeś tego quizu